| 000 | 00240nam a22000857a 4500 | ||
|---|---|---|---|
| 999 |
_c23649 _d23649 |
||
| 003 | Nust | ||
| 005 | 20170529122647.0 | ||
| 008 | 131220b xxu||||| |||| 00| 0 eng d | ||
| 020 | _cAvailable | ||
| 040 |
_aDLC _bDLC _cRCMS |
||
| 082 | _a948.5 RIZ | ||
| 100 |
_aYaseen Rizvi _9462 |
||
| 245 |
_aSweden the island of peace _cYaseen Rizvi |
||
| 260 |
_aLahore _bShirkat Printing Press _cc1990 |
||
| 300 |
_a199 p. _bill: _c22,cm. |
||
| 538 | _iShelf # 13, Row # 4, Fiction. | ||
| 650 |
_aSweden _9463 |
||
| 856 | _3Table of Content Only | ||
| 942 |
_2ddc _cFIC |
||